书目信息 |
| 题名: |
数字时代写作研究策略
|
|
| 作者: | 泰森 主编 | |
| 分册: | ||
| 出版信息: | 北京 北京大学出版社 2008.12 |
|
| 页数: | 248页 | |
| 开本: | 23cm | |
| 丛书名: | 英语写作原版影印系列丛书 | |
| 单 册: | ||
| 中图分类: | H315 | |
| 科图分类: | ||
| 主题词: | 英语--ying yu--写作--高等学校--教学参考资料 | |
| 电子资源: | ||
| ISBN: | 978-7-301-14256-1 | |
| 000 | 01354nam 2200289 450 | |
| 001 | 012009731943 | |
| 005 | 20091015153021.79 | |
| 010 | @a978-7-301-14256-1@dCNY29.00 | |
| 100 | @a20091015d2008 em y0chiy0120 ea | |
| 101 | 0 | @aeng |
| 102 | @aCN@b110000 | |
| 105 | @aa z 001yy | |
| 106 | @ar | |
| 200 | 1 | @a数字时代写作研究策略@Ashu zi shi dai xie zuo yan jiu ce lue@d= Research strategies for a digital age@fBonniel. Tensen |
| 205 | @a影印版 | |
| 210 | @a北京@c北京大学出版社@d2008.12 | |
| 215 | @a248页@c图@d23cm | |
| 225 | 2 | @a英语写作原版影印系列丛书@Aying yu xie zuo yuan ban ying yin xi lie cong shu |
| 314 | @a责任者Tensen规范汉译姓:泰森 | |
| 330 | @a本书共分11章,分为三个部分。第一部分(第1至4章)是关于学术研究的基本知识,主要介绍如何利用图书馆的联机目录检索相关文献和资料以及如何对这些文件做初步的鉴别和诊断。第二部分(第5至6章)介绍如何通过互联网查找学术研究所需文献和资料。第三部分(第7至11章)首先讨论了如何在利用数字资源时避免抄袭行为,之后,重点介绍了国际上通用的四种论文格式要求,即MLA、APA、CSE和CMS学术论文格式要求。 | |
| 410 | 0 | @12001 @a英语写作原版影印系列丛书 |
| 510 | 1 | @aResearch strategies for a digital age@zeng |
| 606 | 0 | @a英语@Aying yu@x写作@x高等学校@j教学参考资料 |
| 690 | @aH315@v4 | |
| 701 | 1 | @a泰森@Atai sen@g(Tensen, Bnniel.)@4主编 |
| 801 | 0 | @aCN@bQSSK@c20091015 |
| 905 | @b762121-23@dH315@eT083@f3 | |
| 数字时代写作研究策略= Research strategies for a digital age/Bonniel. Tensen.-影印版.-北京:北京大学出版社,2008.12 |
| 248页:图;23cm.-(英语写作原版影印系列丛书) |
| ISBN 978-7-301-14256-1:CNY29.00 |
| 本书共分11章,分为三个部分。第一部分(第1至4章)是关于学术研究的基本知识,主要介绍如何利用图书馆的联机目录检索相关文献和资料以及如何对这些文件做初步的鉴别和诊断。第二部分(第5至6章)介绍如何通过互联网查找学术研究所需文献和资料。第三部分(第7至11章)首先讨论了如何在利用数字资源时避免抄袭行为,之后,重点介绍了国际上通用的四种论文格式要求,即MLA、APA、CSE和CMS学术论文格式要求。 |
| ● |
| 相关链接 |
|
|
|
正题名:数字时代写作研究策略
索取号:H315/T083
 
预约/预借
| 序号 | 登录号 | 条形码 | 馆藏地/架位号 | 状态 | 备注 |
| 1 | 762121 | 207621215 | 语言库209/209语言库 37排7列4层/ [索取号:H315/T083] | 在馆 | |
| 2 | 762122 | 207621224 | 语言库209/209语言库 37排7列4层/ [索取号:H315/T083] | 在馆 | |
| 3 | 762123 | 207621233 | 语言库209/209语言库 37排7列4层/ [索取号:H315/T083] | 在馆 |